000
00316nam a2200133Ia 4500
008
150731s2014 xx 000 0 und d
082
_a
615.53
_b
H 14 M
100
_a
MANOHAR,SUYITHNA R.
245
_a
HEMORRAHOIDS
250
_a
1 ST
260
_b
CHAUKHAMBHA PUB. NEW DELHI
_c
2014
300
_a
230
942
_2
ddc
_c
BK
999
_c
7834
_d
7834